| 000 | 00489nam a2200181Ia 4500 | ||
|---|---|---|---|
| 003 | GCL | ||
| 008 | 140319s9999 xx 000 0 eng d | ||
| 020 | _a0748606882 | ||
| 040 |
_aGCL / _cGCL |
||
| 082 | 0 | 4 |
_a929.4 _bS I |
| 100 | 1 | _aSCHIMMEL, ANNEMARIE | |
| 245 | 1 | 0 |
_aISLAMIC NAMES / _cSCHIMMEL, ANNEMARIE |
| 260 |
_aانجلترا : _bTHE UNIVERSITY PRESS ، _c1998 |
||
| 300 |
_a18 CM ؛ _c137 P |
||
| 650 | 0 | 4 | _aISLAMIC NAMES |
| 650 | 0 | 4 | _aNAMES, PERSONAL - ISLAMIC |
| 942 |
_2ddc _cBK |
||
| 999 |
_c1015 _d1015 |
||